Kamaladevi Chattopadhyay: (Record no. 221359)
[ view plain ]
| 000 -LEADER | |
|---|---|
| fixed length control field | 00781nam a22002417a 4500 |
| 005 - DATE AND TIME OF LATEST TRANSACTION | |
| control field | 20220127145746.0 |
| 008 - FIXED-LENGTH DATA ELEMENTS--GENERAL INFORMATION | |
| fixed length control field | 220127b ||||| |||| 00| 0 eng d |
| 020 ## - INTERNATIONAL STANDARD BOOK NUMBER | |
| International Standard Book Number | 81207221209 |
| 040 ## - CATALOGING SOURCE | |
| Transcribing agency | AL |
| 041 ## - LANGUAGE CODE | |
| Language code of text/sound track or separate title | eng |
| 082 ## - DEWEY DECIMAL CLASSIFICATION NUMBER | |
| Edition number | 23 |
| Classification number | 954.092 |
| Item number | NARK |
| 100 ## - MAIN ENTRY--PERSONAL NAME | |
| Personal name | Sakuntala Narasimhan |
| 100 ## - MAIN ENTRY--PERSONAL NAME | |
| 9 (RLIN) | 14895 |
| 245 ## - TITLE STATEMENT | |
| Title | Kamaladevi Chattopadhyay: |
| Remainder of title | The Romantic Rebel |
| 260 ## - PUBLICATION, DISTRIBUTION, ETC. | |
| Place of publication, distribution, etc. | New Delhi |
| Name of publisher, distributor, etc. | Sterling Publishers Pvt Ltd |
| Date of publication, distribution, etc. | 1999 |
| 300 ## - PHYSICAL DESCRIPTION | |
| Extent | xii,239 p. |
| Other physical details | PB |
| Dimensions | 22x14 cm. |
| 365 ## - TRADE PRICE | |
| Price amount | 200.00 |
| Currency code | ₹ |
| Unit of pricing | 200.00 |
| 520 ## - SUMMARY, ETC. | |
| Uniform Resource Identifier | <a href="https://books.google.com.sg/books?id=dx97VXb0JDgC&printsec=frontcover#v=onepage&q&f=false">https://books.google.com.sg/books?id=dx97VXb0JDgC&printsec=frontcover#v=onepage&q&f=false</a> |
| 650 ## - SUBJECT ADDED ENTRY--TOPICAL TERM | |
| Topical term or geographic name entry element | Nationalists |
| 9 (RLIN) | 14896 |
| 650 ## - SUBJECT ADDED ENTRY--TOPICAL TERM | |
| Topical term or geographic name entry element | Freedom Fighter |
| 9 (RLIN) | 14897 |
| 650 ## - SUBJECT ADDED ENTRY--TOPICAL TERM | |
| Topical term or geographic name entry element | Women Social Workers |
| 9 (RLIN) | 14898 |
| 700 ## - ADDED ENTRY--PERSONAL NAME | |
| Personal name | NARASIMHAN (Sakuntala) |
| 9 (RLIN) | 14899 |
| 942 ## - ADDED ENTRY ELEMENTS (KOHA) | |
| Source of classification or shelving scheme | Dewey Decimal Classification |
| Koha item type | George Fernandes Collections |
| Withdrawn status | Lost status | Source of classification or shelving scheme | Damaged status | Not for loan | Collection code | Home library | Current library | Date acquired | Total Checkouts | Full call number | Barcode | Date last seen | Price effective from | Koha item type |
|---|---|---|---|---|---|---|---|---|---|---|---|---|---|---|
| Dewey Decimal Classification | History | St Aloysius Library | St Aloysius Library | 03/24/2013 | 954.092 NARK | GF02018 | 01/27/2022 | 01/27/2022 | George Fernandes Collections |